Microlaryngoscopy and endolaryngeal microsurgery : (Record no. 3722)

000 -LEADER
fixed length control field 01536cam a2200409 | 4500
001 - CONTROL NUMBER
control field 233873
003 - CONTROL NUMBER IDENTIFIER
control field ALUPE UNIVERSITY
005 - DATE AND TIME OF LATEST TRANSACTION
control field 20220203071126.0
008 - FIXED-LENGTH DATA ELEMENTS--GENERAL INFORMATION
fixed length control field 052479s1979 mdu b 0 eng l
010 ## - LIBRARY OF CONGRESS CONTROL NUMBER
LC control number 78020314
020 ## - INTERNATIONAL STANDARD BOOK NUMBER
Canceled/invalid ISBN 08391135001
035 ## - SYSTEM CONTROL NUMBER
System control number ocm04495487
040 ## - CATALOGING SOURCE
Original cataloging agency DLC
Language of cataloging eng
Transcribing agency ALUPE UNIVERSITY
041 1# - LANGUAGE CODE
Language code of text/sound track or separate title engger
049 ## - LOCAL HOLDINGS (OCLC)
Holding library aeu
050 0# - LIBRARY OF CONGRESS CALL NUMBER
Classification number RF 514
Item number K645 1979
090 00 - LOCALLY ASSIGNED LC-TYPE CALL NUMBER (OCLC); LOCAL CALL NUMBER (RLIN)
Classification number (OCLC) (R) ; Classification number, CALL (RLIN) (NR) RF 514 K64E5 1979
Local cutter number (OCLC) ; Book number/undivided call number, CALL (RLIN) AEU
100 1# - MAIN ENTRY--PERSONAL NAME
Personal name Kleinsasser, O.
Fuller form of name (Oskar)
240 10 - UNIFORM TITLE
Uniform title Mikrolaryngoscopie und endolaryngeale Mikrochirurgie.
Language of a work English
245 10 - TITLE STATEMENT
Title Microlaryngoscopy and endolaryngeal microsurgery :
Remainder of title technique and typical findings /
Statement of responsibility, etc. by O. Kleinsasser; translated by P. M. Stell; with a foreword by Charles M. Norris.
250 ## - EDITION STATEMENT
Edition statement 2d completely rev. ed.
260 ## - PUBLICATION, DISTRIBUTION, ETC.
Place of publication, distribution, etc. Baltimore :
Name of publisher, distributor, etc. University Park Press,
Date of publication, distribution, etc. 1979.
300 ## - PHYSICAL DESCRIPTION
Extent xi, 180 p. :
Other physical details ill. ;
Dimensions 25 cm.
336 ## - CONTENT TYPE
Content type term text
Content type code txt
Source rdacontent
337 ## - MEDIA TYPE
Media type term unmediated
Media type code n
Source rdamedia
338 ## - CARRIER TYPE
Carrier type term volume
Carrier type code nc
Source rdacarrier
500 ## - GENERAL NOTE
General note Translation of Mikrolaryngoscopie und endolaryngeale Mikrochirurgie.
500 ## - GENERAL NOTE
General note Includes index.
504 ## - BIBLIOGRAPHY, ETC. NOTE
Bibliography, etc. note Bibliography: p. 167-177.
583 1# - ACTION NOTE
Action committed to retain
Time/date of action 20170930
Action interval 20421231
Authorization HathiTrust
Uniform Resource Identifier <a href="https://www.hathitrust.org/shared_print_program">https://www.hathitrust.org/shared_print_program</a>
Institution to which field applies AEU
Public note HathiTrust Shared Print commitment 2017
650 #0 - SUBJECT ADDED ENTRY--TOPICAL TERM
Topical term or geographic name entry element Laryngoscopes.
650 #0 - SUBJECT ADDED ENTRY--TOPICAL TERM
Topical term or geographic name entry element Larynx
General subdivision Surgery.
650 #0 - SUBJECT ADDED ENTRY--TOPICAL TERM
Topical term or geographic name entry element Microsurgery.
650 #0 - SUBJECT ADDED ENTRY--TOPICAL TERM
Topical term or geographic name entry element Laryngoscopy.
740 0# - ADDED ENTRY--UNCONTROLLED RELATED/ANALYTICAL TITLE
Uncontrolled related/analytical title Mikrolaryngoscopie und endolaryngeale Mikrochirurgie.
942 ## - ADDED ENTRY ELEMENTS (KOHA)
Source of classification or shelving scheme
Koha item type Book
Suppress in OPAC BA
Holdings
Withdrawn status Lost status Source of classification or shelving scheme Damaged status Not for loan Permanent Location Current Location Shelving location Date acquired Source of acquisition Total Checkouts Full call number Barcode Date last seen Price effective from Koha item type Public note
          AU LIBRARY AU LIBRARY Open Shelf 03.02.2022 DONATION FROM MOI UNIVERSITY   RF 514 . K 65 1979 28005182 03.02.2022 03.02.2022 Book BA

Powered by Koha